| 000 | 01576nam a2200337 u 4500 | ||
|---|---|---|---|
| 001 | 000027309 | ||
| 003 | DO-SdBNP | ||
| 005 | 20250822082404.0 | ||
| 008 | 100805s2010 dr ac r 001 0 spa d | ||
| 020 | _z9789945404265 | ||
| 040 |
_aDO-SdBNP _bspa _cBNPHU _erda |
||
| 082 | 4 |
_a759.7293 _bM971e _222 |
|
| 100 | 1 |
_aMuñoz, Miguel Ángel, _d1972- _954385 |
|
| 245 | 1 | 0 |
_aEspacios imaginarios : _b(cuatro versiones sobre artistas dominicanos) / _cMiguel Ángel Muñoz; presentación Basilio Belliard. |
| 264 | 4 |
_aSanto Domingo : _bEdiciones de Cultura, _c2010. |
|
| 300 |
_a60 páginas : _bilustraciones, retratos. ; _c23 cm. |
||
| 336 |
_atexto _btxt _2rdacontent |
||
| 337 |
_asin mediación _bn _2rdamedia |
||
| 338 |
_avolumen _bnc _2rdacarrier |
||
| 505 | 0 |
_gPresentación -- _gIntroducción -- _tRamón Oviedo: un más allá de la creación -- _tCronología de Ramón Oviedo -- _tHilario Olivo: el espacio pautado de su obra -- _tCronología de Hilario Olivo -- _tElvis Avilés: un artista en cambio constante -- _tCronología de Elvis Avilés -- _tMayobanex Vargas: las geometrías de la imaginación -- _tCronología de Mayobanex Vargas. |
|
| 590 | _aInventariado, 2018/LP | ||
| 600 | 1 | 4 |
_aOviedo, Ramón, _d1924- _954386 |
| 600 | 1 | 4 |
_aOlivo, Hilario, _d1959- _954387 |
| 600 | 1 | 4 |
_aAvilés, Elvis, _d1979- _954388 |
| 600 | 0 |
_aVargas, Mayobanex, _d1936- _944952 |
|
| 650 | 4 |
_aArte dominicano _937843 |
|
| 650 | 4 |
_aPintura dominicana _ySIGLO XX _923234 |
|
| 650 | 4 |
_aPintores dominicanos _xExposiciones _954390 |
|
| 910 | _aValidado. Control de calidad EMS | ||
| 942 |
_2ddc _cLBS1 |
||
| 999 |
_c26801 _d26801 |
||